000 00763nam a2200241 a 4500
001 12758
003 BD-JhCC
005 20230510162556.0
008 230510b2020 bg a|||| ||a| 00| 0 ben d
020 _a9789848179499
035 _a(BD-JhCC)12758
040 _aBD-JhCC
_dBD-JhCC
041 _aBengali
082 _a923.1
_bKAD 2020
100 _aকাদের, চৌধুরী শহীদ
245 _aবঙ্গবন্ধু : তরুণ প্রজন্মের চোখে /
_cচৌধুরী শহীদ কাদের।
260 _aঢাকা :
_bতাম্রলিপি ;
_c২০২০.
300 _a96 p. :
_bill;
_c22 cm.
600 _aBangabandhu
650 _aBiography
942 _2ddc
_cBK
999 _c12758
_d12758